[Event "XXII Rapid KO"]
[Site "Leon ESP"]
[Date "2009.06.06"]
[Round "1.2"]
[White "Wang Yue"]
[Black "Carlsen, M."]
[Result "1-0"]
[WhiteElo "2738"]
[BlackElo "2770"]
[PlyCount "89"]
[EventDate "2009.06.06"]

1. d4 Nf6 2. c4 g6 3. Nc3 d5 4. Bf4 Bg7 5. e3 c5 6. dxc5 Qa5 7. Rc1 Ne4 8. cxd5
Nxc3 9. Qd2 Qxa2 10. Rxc3 Bxc3 11. Qxc3 f6 12. Nf3 Bd7 13. Be2 Qxd5 14. O-O Nc6
15. b4 a5 16. b5 Nb4 17. Rd1 Qe4 18. Ne1 Nd5 19. Qd2 e6 20. Nc2 O-O 21. Bd6
Rfd8 22. Nd4 Qh4 23. g3 Qh6 24. Bc4 Re8 25. Nxe6 Bxe6 26. Bxd5 Qg7 27. c6 Rad8
28. Bxe6+ Rxe6 29. c7 Rc8 30. Qd5 Qd7 31. b6 Kf7 32. Qxb7 Rxd6 33. Rxd6 Qxd6
34. Qxc8 Qd1+ 35. Kg2 Qd5+ 36. f3 Qd2+ 37. Kh3 Qd1 38. Qa6 Qd7+ 39. g4 Qd1 40.
Qc4+ Kg7 41. Kg3 Qg1+ 42. Kf4 Qxh2+ 43. Ke4 Qe5+ 44. Kd3 Qd6+ 45. Ke4 1-0